00805nam a22002417a 45000010005000000030006000050050017000110080041000280200018000690400029000870500008001160820008001241000019001322450086001512600032002373000049002694900024003185050009003425200140003515210020004915210020005117000032005317127FISKH20250626085818.0250624b cb ||||| |||| 00| 0 eng d a9788956355207 aFISKHbengcFISKHdFISKH aPZ7 a580 aSormark, Julie aThe giving tree / cRetold by Julie Sormark : through the Art Style of Raoul Dufy aSeoul :be future , c2010. a35 pages : bcolor illustrations ;c24 cm .  aArt Classic Stories a M  aArt Classic Stories is a special series of English fairy tales that combines the paintings of great painters with classic fairy tales. 8 a530 bLexile 8 aM bRaz-Plus  aYoo, SeungheeeIllustrator